La enfermera en pediatría (Registro nro. 25582)

000 -CABECERA
campo de control de longitud fija 00730cam a22002654a 4500
001 - NÚMERO DE CONTROL
campo de control YPZ95748
003 - IDENTIFICADOR DEL NÚMERO DE CONTROL
campo de control YPZ
005 - FECHA Y HORA DE LA ÚLTIMA TRANSACCIÓN
campo de control 20220210101241.0
008 - DATOS DE LONGITUD FIJA--INFORMACIÓN GENERAL
campo de control de longitud fija 120810|###########||||||b||||||||||spa|d
040 ## - FUENTE DE LA CATALOGACIÓN
Centro/agencia transcriptor SIUNPA
Centro catalogador/agencia de origen SIUNPA
Lengua de catalogación spa
Normas de descripción AACR2
041 ## - CÓDIGO DE LENGUA
Código de lengua del texto/banda sonora o título independiente spa
044 ## - CÓDIGO DEL PAÍS DE LA ENTIDAD EDITORA/PRODUCTORA
Código MARC del país ag
080 ## - NÚMERO DE LA CLASIFICACIÓN DECIMAL UNIVERSAL
Número de la Clasificación Decimal Universal 616-053.2 B957e2
100 ## - ENTRADA PRINCIPAL--NOMBRE DE PERSONA
Nombre de persona Burgos, Horacio I..
245 ## - MENCIÓN DE TÍTULO
Título La enfermera en pediatría
Mención de responsabilidad, etc. / Horacio I. Burgos
250 ## - MENCIÓN DE EDICIÓN
Mención de edición 2a. ed.
260 ## - PUBLICACIÓN, DISTRIBUCIÓN, ETC.
Lugar de publicación, distribución, etc. Buenos Aires
Nombre del editor, distribuidor, etc. : El Ateneo
Fecha de publicación, distribución, etc. , 1978
300 ## - DESCRIPCIÓN FÍSICA
Extensión 245 p.
Otras características físicas : il.
490 ## - MENCIÓN DE SERIE
Designación de volumen o secuencia (Cuadernos de enfermería)
650 ## - PUNTO DE ACCESO ADICIONAL DE MATERIA--TÉRMINO DE MATERIA
Término de materia o nombre geográfico como elemento de entrada PRACTICAS DE ENFERMERIA
650 ## - PUNTO DE ACCESO ADICIONAL DE MATERIA--TÉRMINO DE MATERIA
Término de materia o nombre geográfico como elemento de entrada PEDIATRIA
650 ## - PUNTO DE ACCESO ADICIONAL DE MATERIA--TÉRMINO DE MATERIA
Término de materia o nombre geográfico como elemento de entrada SERVICIOS DE ENFERMERIA
830 ## - PUNTO DE ACCESO ADICIONAL DE SERIE-TÍTULO UNIFORME
9 (RLIN) 398
Título uniforme Cuadernos de enfermería (El Ateneo)
942 ## - ELEMENTOS DE PUNTO DE ACCESO ADICIONAL (KOHA)
Tipo de ítem Koha Libros
Fuente del sistema de clasificación o colocación
Existencias
Estado de retiro Estado de pérdida Fuente del sistema de clasificación o colocación Estado dañado No para préstamo Código de colección Localización permanente Ubicación/localización actual Fecha de adquisición Fuente de adquisición Coste, precio normal de compra Número de inventario Total de préstamos Renovaciones totales Signatura topográfica completa Código de barras Fecha visto por última vez Fecha del último préstamo Número de copia Coste, precio de reemplazo Precio válido a partir de Tipo de ítem Koha
          Colección General SIUNPA Biblioteca Académica Malvina Perazo 2012-08-10 Donación 69.00 05-03886 2 1 616-053.2 B957e2 05-03886 2022-09-23 2022-09-16 ej.1 69.00 2019-04-03 Libros
          Colección General SIUNPA Biblioteca Académica Malvina Perazo 2012-08-10 Donación 69.00 05-03887     616-053.2 B957e2 05-03887 2019-04-03   ej.2 69.00 2019-04-03 Libros
          Colección General SIUNPA Biblioteca Académica Malvina Perazo 2012-08-10 Donación 69.00 05-03888 1 3 616-053.2 B957e2 05-03888 2022-10-11 2022-09-09 ej.3 69.00 2019-04-03 Libros